The ratcatcher : a lyrical satire (Record no. 85841)
[ view plain ]
| 000 -LEADER | |
|---|---|
| fixed length control field | 01542 a2200265 4500 |
| 003 - CONTROL NUMBER IDENTIFIER | |
| control field | CBULib |
| 005 - DATE AND TIME OF LATEST TRANSACTION | |
| control field | 20241211094928.0 |
| 008 - FIXED-LENGTH DATA ELEMENTS--GENERAL INFORMATION | |
| fixed length control field | 241211b |||||||| |||| 00| 0 eng d |
| 020 ## - INTERNATIONAL STANDARD BOOK NUMBER | |
| International Standard Book Number | 9780946162611 |
| 040 ## - CATALOGING SOURCE | |
| Language of cataloging | English |
| Transcribing agency | CBULib |
| Description conventions | rda |
| 050 ## - LIBRARY OF CONGRESS CALL NUMBER | |
| Classification number | PG 3476 Tsv |
| 100 ## - MAIN ENTRY--PERSONAL NAME | |
| Personal name | Tsvetaeva, Marina |
| 9 (RLIN) | 4213 |
| 245 ## - TITLE STATEMENT | |
| Title | The ratcatcher : a lyrical satire |
| Statement of responsibility, etc | / by Marina Tsvetaeva |
| 260 ## - PUBLICATION, DISTRIBUTION, ETC. (IMPRINT) | |
| Name of publisher, distributor, etc | Angel Books, |
| Date of publication, distribution, etc | 1999 |
| Place of publication, distribution, etc | London : |
| 300 ## - PHYSICAL DESCRIPTION | |
| Extent | 123 pages |
| 336 ## - CONTENT TYPE | |
| Source | rdacontent |
| Content type term | Text | |
| Content type code | txt |
| 337 ## - MEDIA TYPE | |
| Source | rdamedia |
| Media type term | Unmediated | |
| Media type code | n |
| 338 ## - CARRIER TYPE | |
| Source | rdacarrier |
| Carrier type term | Volume |
| Carrier type code | nc |
| 490 ## - SERIES STATEMENT | |
| Series statement | Angel Classics |
| 500 ## - GENERAL NOTE | |
| General note | Review: "Marina Tsvetaeva (1892-1941) is acknowledged as one of the greatest of Russian poets." "Tsvetaeva wrote this extraordinary work, which she subtitled 'a lyrical satire', in Prague and Paris in the mid-1920s. Using the story known to us as 'The Pied Piper of Hamelin', she pits Art against Philistinism in a critique of all social search for material prosperity (including that of the Bolsheviks). Even for the innovative Tsvetaeva, this is quite a new kind of writing - an explosion of clashing sounds, voices and rhythms, fuelled by anger and bitter sarcasm. At the end the Piper, who stands for the magical power of Art, takes a terrible toll on the children of the town of Hamelin - neat, comfort-loving, hypocritical and reluctant to pay its debts."--Jacket. |
| 650 #0 - SUBJECT ADDED ENTRY--TOPICAL TERM | |
| 9 (RLIN) | 4214 |
| Topical term or geographic name as entry element | PHILITINISM -- POETRY |
| 650 #0 - SUBJECT ADDED ENTRY--TOPICAL TERM | |
| 9 (RLIN) | 4215 |
| Topical term or geographic name as entry element | VERSE SATIRE, RUSSIAN |
| 700 ## - ADDED ENTRY--PERSONAL NAME | |
| 9 (RLIN) | 4216 |
| Personal name | Livingstone, Angela |
| Relator term | Translator |
| 942 ## - ADDED ENTRY ELEMENTS (KOHA) | |
| Source of classification or shelving scheme | |
| Koha item type | MONOGRAPH |
| Withdrawn status | Lost status | Source of classification or shelving scheme | Damaged status | Not for loan | Collection code | Permanent Location | Current Location | Shelving location | Date acquired | Source of acquisition | Total Checkouts | Full call number | Barcode | Date last seen | Copy number | Price effective from | Koha item type |
|---|---|---|---|---|---|---|---|---|---|---|---|---|---|---|---|---|---|
| CBU-Lusaka Campus | CBU- LUSAKA CAMPUS | CBU-MAIN LIBRARY, KITWE. | General Stacks | 12/11/2024 | Book Aid International | PG 3476 Tsv | 753199 | 12/11/2024 | 1 | 12/11/2024 | MONOGRAPH | ||||||
| CBU-Lusaka Campus | CBU- LUSAKA CAMPUS | CBU-MAIN LIBRARY, KITWE. | General Stacks | 12/11/2024 | Book Aid International | PG 3476 Tsv | 753200 | 12/11/2024 | 2 | 12/11/2024 | MONOGRAPH |